Teoría general del delito
Na minha lista:
| Autor principal: | |
|---|---|
| Formato: | Livro |
| Idioma: | espanhol |
| Publicado em: |
Bogotá
Temis
1990
|
| Edição: | 1a. ed |
| Assuntos: | |
| Tags: |
Adicionar Tag
Sem tags, seja o primeiro a adicionar uma tag!
|
MARC
| LEADER | 00000cam a2200000 a 4500 | ||
|---|---|---|---|
| 001 | UCC4395 | ||
| 003 | CL-VaPUC | ||
| 008 | 180803e19900000ck |||||||||||||||||spa|d | ||
| 020 | |a 8482724932 | ||
| 082 | 0 | 4 | |a 361.01 |b MUÑ |2 21 |
| 100 | |a Muñoz Conde, Francisco |e autor |9 620650 | ||
| 245 | 1 | 0 | |a Teoría general del delito |
| 250 | |a 1a. ed | ||
| 300 | |a 243 p | ||
| 942 | |c BK | ||
| 945 | |d 20180803 12:44:00 |a dcastane | ||
| 260 | |a Bogotá |b Temis |c 1990 | ||
| 650 | 0 | |a Teoría del delito |9 258906 | |
| 650 | 0 | |a Delitos |9 224143 | |
| 650 | 0 | |a Delitos de omisión |9 524669 | |
| 583 | |a last modification |c 20180803 12:44:00 |k Rodrigo Vera | ||
| 999 | |c 371947 |d 371945 | ||
| 952 | |0 0 |1 0 |3 erb |4 0 |6 361_010000000000000_MUÑ_1990 |7 0 |8 A |9 489165 |a BIBDER |b BIBDER |e Mateluna Arestizabal, Alfredo Sergio |i 5485037 |l 1 |o 361.01 MUÑ 1990 |p 5485037 |r 2023-01-25 |s 2022-08-23 |w 2019-11-24 |y BK |z Catalogado en:20180803 |k DER | ||